<?xml version="1.0" encoding="UTF-8"?>
<marc:record xmlns:marc="http://www.loc.gov/MARC21/slim">
   <marc:leader>00000nam a2200000 a 4500</marc:leader>
   <marc:datafield ind1="1" ind2=" " tag="100">
      <marc:subfield code="a">Baeten, Lieve</marc:subfield>
      <marc:subfield code="4">aut</marc:subfield>
      <marc:subfield code="e">Verfasser/-in</marc:subfield>
   </marc:datafield>
   <marc:datafield ind1="1" ind2=" " tag="100">
      <marc:subfield code="a">Fischer, Jens</marc:subfield>
      <marc:subfield code="4">aut</marc:subfield>
      <marc:subfield code="e">Verfasser/-in</marc:subfield>
   </marc:datafield>
   <marc:datafield ind1="1" ind2=" " tag="100">
      <marc:subfield code="a">Jaekel, Katrin</marc:subfield>
      <marc:subfield code="4">ctb</marc:subfield>
      <marc:subfield code="e">Mitwirkende/-r</marc:subfield>
   </marc:datafield>
   <marc:datafield ind1="0" ind2="0" tag="245">
      <marc:subfield code="a">Alles von der kleinen Hexe</marc:subfield>
   </marc:datafield>
   <marc:datafield ind1="0" ind2="0" tag="245">
      <marc:subfield code="b">5 Bilderbuch-Filme</marc:subfield>
   </marc:datafield>
   <marc:datafield ind1="0" ind2="0" tag="245">
      <marc:subfield code="c">Lieve Baeten ; komp. von Jens Fischer ; Sprecher: Katrin Jaekel</marc:subfield>
   </marc:datafield>
   <marc:datafield ind1=" " ind2="1" tag="264">
      <marc:subfield code="a">Hamburg</marc:subfield>
      <marc:subfield code="b">Oetinger Media GmbH</marc:subfield>
      <marc:subfield code="c">2007</marc:subfield>
   </marc:datafield>
   <marc:datafield ind1="1" ind2=" " tag="520">
      <marc:subfield code="a">Angaben aus der Verlagsmeldung

Alles von der kleinen Hexe : 5 Bilderbuch-Filme / von Lieve Baeten

Zauberhafte Lieblingshexe Lisbet - erster DVD-Genuss für kleine Kinder Die kleine Hexe Lisbet hat immer etwas vor. Denn sie ist nun mal die neugierigste Hexe der Welt! Sie sucht ihre geliebte Katze, saust mit der Hexenprinzessin Trixi durch die Luft, schafft es, den Hexenkoffer für die großen Hexen zu öffnen und feiert ein wunderschönes Weihnachtsfest! Mit fünf kompletten Bilderbüchern als Filme: Die neugierige kleine Hexe, Die kleine Hexe hat Geburtstag, Die kleine Hexe auf Reisen, Die schlaue kleine Hexe, Die kleine Hexe feiert Weihnachten. Fünf Bilderbuchfilme - besonders liebevoll animiert, mit englischer Tonspur und Vokabeltrainer.
</marc:subfield>
   </marc:datafield>
   <marc:datafield ind1=" " ind2=" " tag="020">
      <marc:subfield code="a">9783837350005</marc:subfield>
      <marc:subfield code="9">9783837350005</marc:subfield>
   </marc:datafield>
   <marc:datafield ind1=" " ind2=" " tag="020">
      <marc:subfield code="a">3837350002</marc:subfield>
      <marc:subfield code="9">3837350002</marc:subfield>
   </marc:datafield>
   <marc:datafield ind1=" " ind2=" " tag="041">
      <marc:subfield code="a">eng</marc:subfield>
   </marc:datafield>
</marc:record>
